| 000 | 00899cam a2200277 i 4500 | ||
|---|---|---|---|
| 999 |
_c200442661 _d60873 |
||
| 003 | TR-AnTOB | ||
| 005 | 20230321142030.0 | ||
| 007 | ta | ||
| 008 | 210805b1993 tu d 000 0 tur d | ||
| 040 |
_aTR-AnTOB _beng _erda _cTR-AnTOB |
||
| 041 | 0 | _atur | |
| 050 | 4 |
_bHD2346.T8 _aB83 1993 |
|
| 090 |
_aHD2346.T8 _bB83 1993 |
||
| 100 |
_aBudak, Gülay _eauthor _916495 |
||
| 245 | 1 | 0 |
_aİzmir'de KOBİ'ler nerede? sorunları nasıl çözülür? / _bYrd. Doç. Dr. Gülay Budak. |
| 264 | 1 |
_aİzmir : _bİzmir Ticaret Odası, _c1993. |
|
| 300 |
_a49 pages : _bgraphics, tables ; _c24 cm |
||
| 336 |
_2rdacontent _atext _btxt |
||
| 337 |
_2rdamedia _aunmediated _bn |
||
| 338 |
_2rdacarrier _avolume _bnc |
||
| 650 | 7 |
_aKüçük işletme _zTürkiye _zİzmir _2etuturkob _991956 |
|
| 710 | 2 |
_aİzmir Ticaret Odası _957135 |
|
| 942 |
_2lcc _cBK |
||